| 000 | 01644cam a22004694a 4500 | ||
|---|---|---|---|
| 001 | muse84990 | ||
| 003 | MdBmJHUP | ||
| 005 | 20210127151656.0 | ||
| 006 | m o d | ||
| 007 | cr||||||||nn|n | ||
| 008 | 100827s1984 mx o 00 0 spa d | ||
| 020 | _a9786076289396 | ||
| 020 | _z9789681202514 | ||
| 020 | _z9681202511 | ||
| 035 | _a(OCoLC)659026444 | ||
| 040 |
_aMdBmJHUP _cMdBmJHUP |
||
| 100 | 1 | _aMegged, Nahum. | |
| 245 | 1 | 0 |
_aRosario Castellanos _bun largo camino a la ironía / _cNahum Megged. |
| 250 | _a1a ed. | ||
| 264 | 1 | _bColegio de México, | |
| 264 | 3 | _bProject MUSE, | |
| 300 | _a1 online resource (1 ressource en ligne 268 pages.) | ||
| 490 | 0 |
_aJornadas ; _v102 |
|
| 500 | _aNotice chargée pour fin de repérage. | ||
| 506 | 0 |
_aOpen Access _fUnrestricted online access _2star |
|
| 588 | _aDescription based on print version record. | ||
| 600 | 1 | 1 |
_aCastellanos, Rosario. _2swd |
| 600 | 1 | 1 |
_aCastellanos, Rosario. _2fast _0(OCoLC)fst00078513 |
| 600 | 1 | 1 |
_aCastellanos, Rosario _xCritique et interprétation. |
| 650 | 0 | _aIronie dans la littérature. | |
| 655 | 0 |
_aElectronic books. _2lcgft |
|
| 655 | 0 |
_aCriticism, interpretation, etc. _2fast _0(OCoLC)fst01411635 |
|
| 655 | 0 | _aElectronic books. | |
| 655 | 7 |
_aElectronic books. _2local |
|
| 710 | 2 |
_aProject Muse. _edistributor |
|
| 830 | 0 | _aBook collections on Project MUSE. | |
| 856 | 4 | 0 |
_zFull text available: _uhttps://muse.jhu.edu/book/74824/ |
| 999 |
_c26629 _d26629 |
||